000 00732nam a2200241 a 4500
001
003 DO-SdBNP
005 20220824132022.0
008 091113s1998 dr 000 f spa d
020 _z9768175095
040 _aDO-SdBNP
_bspa
_cBPMSU
082 _aRD863.44
_bM385s,1998
_222
100 1 _aMartínez Montero, Juan,
_d1950-
245 1 3 _aEl sitio de donde el diablo se mudó /
_cJuan Martínez Montero.
260 _aSanto Domingo :
_bCocolo,
_c 1998
300 _a185 p. ;
_c22 cm.
500 _aIncluye datos biográficos del autor en la solapa de la cubierta
590 _aInventariado, 2020/BT
650 4 _aNovela dominicana
650 4 _aLiteratura dominicana.
910 _aVMateo V./Validado
942 _2ddc
_cBK
999 _c14248
_d14248